ბათუმის შოთა რუსთაველის სახელმწიფო უნივერსიტეტის ბიბლიოთეკა

ქართული ფილოსოფიური აზრის ისტორია / (ბიბ.ჩანაწერი № 62741)

000 -ლიდერი
ფიქსირებული სიგრძის საკონტროლო ველი 01107nam a22002297a 4500
003 - საკონტროლო ნომრის იდენტიფიკატორი
საკონტროლო ველი Ge_BSU
005 - ბოლო ოპერაციის თარიღი და დრო
საკონტროლო ველი 20250204143944.0
008 - ფიქსირებული სიგრძის მონაცემთა ელემენტები - ზოგადი ინფორმაცია
ფიქსირებული სიგრძის საკონტროლო ველი 250204s2024 ge ||||| |||| 00| 0 geo d
020 ## - წიგნის საერთაშორისო სტანდარტული ნომერი
International Standard Book Number 97899411571092
041 ## - ენის კოდი
Language code of text/sound track or separate title geo
080 ## - უნივერსალური ათობითი კლასიფიკაციის ინდექსი
Universal Decimal Classification number 1 (479.22)(075.8) მ-44
100 ## - მთავარი ჩანაწერი - პიროვნების სახელი
Personal name მახარაძე, მიხეილ
9 (RLIN) 24244
245 ## - ცნობა სათაურის შესახებ
Title ქართული ფილოსოფიური აზრის ისტორია /
Statement of responsibility, etc რედ. თ. მთიბელაშვილი; შემდგ. ვარდო ბერიძე, ა. ასლანიძე.
264 ## - წარმოების, გამოცემის, დისტრიბუციის და სხვა ცნობები
გამოცემის, წარმოების, დისტრიბუციის... ადგილი ბათუმი,
გამოცემის, წარმოების, დისტრიბუციის... თარიღი 2024
300 ## - ფიზიკური აღწერა
Extent 500 გვ.
Other physical details 21 სმ.
501 ## - შენიშვნა თანმხლებ მასალაზე
With note სახელთა საძიებელი გვ,. 485-500
504 ## - BIBLIOGRAPHY, ETC. NOTE
Bibliography, etc ბიბლიოგრ. გვ. 477-484
700 ## - ADDED ENTRY--PERSONAL NAME
Personal name მთიბელაშვილი, თ.
Relator term რედაქტორი
9 (RLIN) 24245
700 ## - ADDED ENTRY--PERSONAL NAME
Personal name ბერიძე, ვარდო
Relator term შემდგენელი
9 (RLIN) 24246
700 ## - ADDED ENTRY--PERSONAL NAME
Personal name ასლანიძე, ა.
Relator term შემდგენელი
9 (RLIN) 24247
942 ## - ADDED ENTRY ELEMENTS (KOHA)
Source of classification or shelving scheme
Koha item type წიგნი
ეგზემპლარები
ჩამოწერის სტატუსი დაკარგული ეგზემპლარის სტატუსი კლასიფიკაციის წყარო ან თაროზე გაწყობის სქემა დაზიანების სტატუსი არ გაიცემა მუდმივი მდებარეობა (დაცვის ადგილი) ამჟამინდელი ადგილსამყოფელი თაროზე განთავსების ადგილი შეძენის თარიღი ღირებულება, შესყიდვის ნორმალური ფასი სრული შენახვის შიფრი შტრიხკოდი ბოლო ოპერაციის თარიღი ეგზემპლარის მიმდევრობითი ნომერი (კეტერი?) ფასის ძალაში შესვლის თარიღი ეგზემპლარის სახეობა საჯარო შენიშვნა
          ბათუმის შოთა რუსთაველის სახელმწიფო უნივერსიტეტის მთავარი ბიბლიოთეკა ბათუმის შოთა რუსთაველის სახელმწიფო უნივერსიტეტის მთავარი ბიბლიოთეკა წიგნსაცავი 2025-02-04 15.00 1 (479.22)(075.8) მ-44 70550 2025-02-04 70550 2025-02-04 წიგნი 15 ლ.
          ბათუმის შოთა რუსთაველის სახელმწიფო უნივერსიტეტის მთავარი ბიბლიოთეკა ბათუმის შოთა რუსთაველის სახელმწიფო უნივერსიტეტის მთავარი ბიბლიოთეკა წიგნსაცავი 2025-02-04 15.00 1 (479.22)(075.8) მ-44 70549 2025-02-04 70549 2025-02-04 წიგნი 15 ლ.